000 00376nam a2200157Ia 4500
008 230524s9999 xx 000 0 und d
082 _a658.16
_bNAI
100 _aN.G.Nair
245 0 _aProduction and Operations Management
250 _a1ST
260 _aNEW DELHI
_bTMH
_c2005
300 _aXV;642
500 _aQuantity Number: 5
650 _aManagement
942 _cBK
999 _c36595
_d36595